| 000 | 00596nam a2200205 a 4500 | ||
|---|---|---|---|
| 005 | 20210223122626.0 | ||
| 008 | 991125s1978 bar 000 0 spa u | ||
| 020 | _a8425206251 | ||
| 035 | _aUPN01000038896 | ||
| 049 | _aCG | ||
| 050 | 4 | _aNK1510 J6.48 | |
| 100 | 1 | _aJones, J. Christopher | |
| 245 | 1 | 0 |
_aMétodos de diseño / _cJ. Cristhoper Jones ; tr. María Luisa López Sardá |
| 260 |
_aBarcelona, Esp. : _bG. Gili, _c1978 |
||
| 300 |
_a370 p. : _bil. |
||
| 650 | 4 |
_aDECORACION Y ORNAMENTACION _9375 |
|
| 650 | 4 |
_aDISEÑO - _xMETODOLOGIA _914269 |
|
| 904 |
_aAC _b038898 |
||
| 905 | _aLibro | ||
| 999 |
_c38896 _d38896 |
||